| 000 | 00502nam a22001817a 4500 | ||
|---|---|---|---|
| 999 |
_c159777 _d159777 |
||
| 005 | 20190105125249.0 | ||
| 010 | _aB-226028 | ||
| 020 | _a8131713644 | ||
| 035 | _aB-226028 | ||
| 037 | _bPearson Education | ||
| 082 | _a000 | ||
| 100 | _aThorpe, Edgar | ||
| 245 |
_aThe pearson general knowledge manual / _cEdgar Thope {and} Showick Thorpe |
||
| 260 |
_aDelhi _bPearson Education _c2007 |
||
| 300 |
_a500p. _c24cm(pbk) |
||
| 700 | _aThorpe, Edgar | ||
| 942 |
_2ddc _cEN _h000 _mTHO |
||